|
|
|
|
| LEADER |
00950nam a2200217 a 4500 |
| 008 |
091027s1998 ii bv 001 0 eng d |
| 040 |
|
|
|a DLC
|c DLC
|d DLC
|
| 082 |
0 |
0 |
|a 347/.54/077
|2 21
|
| 100 |
1 |
|
|a Shukla, V. M.
|
| 245 |
1 |
0 |
|a V. M. Shukla's Legal remedies, as available under various enactments in India.
|
| 250 |
|
|
|a 7th ed. /
|b edited by Avtar Singh.
|
| 260 |
|
|
|a Lucknow :
|b Eastern Book Co.,
|c 1998.
|
| 300 |
|
|
|a lx, 584 p. ;
|c 24 cm.
|
| 500 |
|
|
|a Second ed. published in 1971 under title: Legal remedies as available under various enactments in India.
|
| 504 |
|
|
|a Includes bibliographical references and index.
|
| 541 |
1 |
|
|e 00012531
|
| 650 |
|
0 |
|a Remedies (Law)
|z India.
|
| 700 |
1 |
|
|a Singh, Avtar.
|
| 852 |
4 |
|
|a Ayesha Abed Library
|j General shelf
|
| 999 |
|
|
|c 4882
|d 4882
|
| 952 |
|
|
|0 0
|1 0
|2 ddc
|4 0
|6 347_540770000000000_SHU
|7 0
|9 4704
|a BRACUL
|b BRACUL
|c GEN
|d 2009-10-27
|g 270.00
|l 4
|m 10
|o 347.54077 SHU
|p 3010012531
|r 2019-08-21
|s 2019-07-16
|t 1
|v 540.00
|w 2009-10-27
|y BK
|